000
00318nam a22001337a 4500
020
_a
9789350300718
082
_a
664.2
_b
CHO/EN
100
_a
Choudhary,N .L.
_9
824
100
_a
Anjana Singh
_9
825
245
_a
Enzymes in Food Processing
260
_a
Jaipur
_b
Oxford Book Company
_c
2012
300
_a
296
942
_c
BK
999
_c
14484
_d
14484